000 00958nam a2200301Ia 4500
003 OSt
005 20221007125540.0
006 a|||||r|||| 00| 0
007 ta
008 221006b |||||||| |||| 00| 0 eng d
020 _a0198505892 (pbk)
_c995.00
024 _a13724
037 _b127, 02/02/2005, Dhanraj Book House
_cTextual
040 _aCDL
_cCDL
_beng
041 _2eng
_aeng
082 _aC21, P2 Carc
100 _aJones Richard A L
_9436564
245 0 _aSoft condensed matter
260 _aNew
_bYork Oxford University Press
_c2002
300 _ax, 195p.
_ccm.
490 _aOxford master series in condensed matter physics
500 _aBibliographical references 189-191p; Index 193-195p
650 _a Condensed matter
650 _a Polymers
_9440819
650 _aChemistry
942 _hC21, P2 Carc
_cTEXL
_2CC
999 _c1215475
_d1215475